| 000 | 00710nam a22002653u 4500 | ||
|---|---|---|---|
| 001 | DHIM1632231986 | ||
| 003 | RU-10907106 | ||
| 005 | 20210929154931.0 | ||
| 007 | t | ||
| 008 | 202109b2021 ||||| |||| 00| u rus d | ||
| 020 | _a 978-5-4448-1523-6 | ||
| 040 |
_aRU-10907106 _bger _cRU-10907106 |
||
| 041 | _arus | ||
| 100 |
_4aut _aTjuev, Vjačeslav Ivanovič _eVerfasserIn |
||
| 245 |
_aGolos iz tolpy _bdnevnikovye zapisi |
||
| 264 | 1 |
_aMoskva : _bNovoe literaturnoe obozrenie, _c2021. |
|
| 300 | _a205 Seiten | ||
| 490 | _aRossija v memuarach | ||
| 648 | _a1951-1970 | ||
| 650 | _aAlltag | ||
| 651 | _aSowjetunion | ||
| 653 | _aTjuev, Vjačeslav Ivanovič | ||
| 655 | _aTagebuch | ||
| 942 |
_2z _cMG |
||
| 999 |
_c57663 _d57663 |
||